[Event "4NCL/Div2/SLOS2 vs. CAMB1"]
[Site "Wokefield Park ENG"]
[Date "2007.05.06"]
[Round "10.3"]
[White "Purton, Ben J"]
[Black "Rajlich, Iweta"]
[Result "0-1"]
[WhiteElo "2112"]
[BlackElo "2392"]
[PlyCount "64"]
[EventDate "2007.05.06"]

1. e4 c5 2. Nf3 g6 3. c3 Bg7 4. d4 cxd4 5. cxd4 d5 6. exd5 Nf6 7. Nc3 O-O 8.
Qb3 Nbd7 9. Bf4 Nb6 10. Be5 Nfxd5 11. Be2 Be6 12. Ng5 Bxe5 13. Nxe6 fxe6 14.
dxe5 Qc7 15. O-O Rf4 16. Rae1 Raf8 17. Bf3 Rb4 18. Nxd5 Nxd5 19. Qa3 Qb6 20.
Re2 Qd4 21. h3 a5 22. Bxd5 Qxd5 23. b3 Rf5 24. Qc1 Rd4 25. Rfe1 Kg7 26. Qc7 Kf7
27. Qc1 Kg7 28. Qc7 Kf7 29. Qc1 b6 30. Qh6 Rh5 31. Qe3 h6 32. g4 Rxg4+ 0-1

[Event "4NCL/Div2/SLOS2 vs. CAMB1"]
[Site "Wokefield Park ENG"]
[Date "2007.05.06"]
[Round "10.4"]
[White "Bekker-Jensen, David"]
[Black "Kafka, Graeme"]
[Result "1-0"]
[WhiteElo "2299"]
[BlackElo "2120"]
[PlyCount "81"]
[EventDate "2007.05.06"]

1. d4 d5 2. c4 c6 3. Nc3 Nf6 4. e3 e6 5. Nf3 Nbd7 6. Qc2 Bd6 7. Bd3 O-O 8. O-O
dxc4 9. Bxc4 a6 10. a4 Qe7 11. Bd2 c5 12. Rfe1 Nb6 13. Ba2 Nbd5 14. Ne4 Nxe4
15. Qxe4 Nf6 16. Qh4 Nd5 17. Qe4 Nf6 18. Qd3 e5 19. dxe5 Bxe5 20. Nxe5 Qxe5 21.
Bb1 Be6 22. Bc3 Qd5 23. Qc2 Qb3 24. Qe2 Qc4 25. Qf3 Qg4 26. Qxg4 Nxg4 27. a5
Rfd8 28. Bc2 Bd5 29. e4 Bc6 30. e5 Re8 31. h3 Nh6 32. g4 Kh8 33. Bb3 Re7 34.
Rad1 Rae8 35. f4 f6 36. exf6 Rxe1+ 37. Bxe1 gxf6 38. Bc3 Kg7 39. g5 Ng8 40. Kf2
h6 41. gxf6+ 1-0

[Event "4NCL/Div2/SLOS2 vs. CAMB1"]
[Site "Wokefield Park ENG"]
[Date "2007.05.06"]
[Round "10.5"]
[White "Ruston, Mark R"]
[Black "Pinter, Gabor"]
[Result "1/2-1/2"]
[WhiteElo "2124"]
[BlackElo "2366"]
[PlyCount "102"]
[EventDate "2007.05.06"]

1. e4 c5 2. Nc3 Nc6 3. g3 g6 4. Bg2 Bg7 5. d3 d6 6. Be3 Rb8 7. Qd2 Nd4 8. Nd1
e5 9. c3 Nc6 10. Ne2 Nge7 11. O-O O-O 12. d4 cxd4 13. cxd4 b6 14. d5 Na5 15.
Rc1 Ba6 16. b3 f5 17. Re1 fxe4 18. Ndc3 Nb7 19. b4 Qd7 20. Nxe4 Nd8 21. a4 Nf5
22. N2c3 Kh8 23. b5 Bb7 24. Na2 Nf7 25. Nb4 Rbe8 26. Nc6 Bc8 27. a5 Nxe3 28.
fxe3 Nh6 29. axb6 axb6 30. Ra1 Nf5 31. Ra7 Bb7 32. Ng5 Ra8 33. Ne6 Rfe8 34. Bh3
Rxa7 35. Nxa7 Bxd5 36. Qxd5 Qxa7 37. Ng5 Bf8 38. Bxf5 gxf5 39. Qc4 Qe7 40. Nf3
Qe6 41. Qc7 d5 42. Ra1 Qh6 43. Kg2 Qxe3 44. Re1 Qc5 45. Qf7 Qc8 46. Nxe5 Re7
47. Ng6+ hxg6 48. Rxe7 Bxe7 49. Qxe7 Qc2+ 50. Kh3 Qe4 51. Qf6+ Kh7 1/2-1/2

[Event "4NCL/Div2/SLOS2 vs. CAMB1"]
[Site "Wokefield Park ENG"]
[Date "2007.05.06"]
[Round "10.6"]
[White "Moskovic, David M"]
[Black "Linford, Charles"]
[Result "0-1"]
[WhiteElo "2286"]
[BlackElo "2141"]
[PlyCount "66"]
[EventDate "2007.05.06"]

1. e4 c5 2. Nf3 e6 3. d3 d5 4. Nbd2 Nf6 5. g3 b6 6. Bg2 Bb7 7. O-O Qc7 8. Re1
Nc6 9. c3 O-O-O 10. a3 h6 11. h4 Ne7 12. Qa4 Kb8 13. b4 Nd7 14. Nb3 dxe4 15.
dxe4 Nc8 16. b5 Be7 17. e5 Rdg8 18. Qg4 g5 19. hxg5 hxg5 20. c4 Rg6 21. Bb2 Bf8
22. Nbd2 Bg7 23. Re4 Ne7 24. Rae1 Nf5 25. Nxg5 Qd8 26. f4 Nxe5 27. Qd1 Nd3 28.
Nxf7 Nxb2 29. Nxd8 Nxd1 30. Nxb7 Nc3 31. Nf1 Nxe4 32. Bxe4 Bd4+ 33. Kg2 Nh4+
0-1

[Event "4NCL/Div2/SLOS2 vs. CAMB1"]
[Site "Wokefield Park ENG"]
[Date "2007.05.06"]
[Round "10.7"]
[White "Foster, James J"]
[Black "Alfred, Nathan S W"]
[Result "0-1"]
[WhiteElo "2067"]
[BlackElo "2307"]
[PlyCount "108"]
[EventDate "2007.05.06"]

1. c4 Nf6 2. Nc3 c5 3. e4 Nc6 4. g3 g6 5. Bg2 Bg7 6. Nge2 O-O 7. O-O Ne8 8. d3
Nc7 9. f4 Ne6 10. Rb1 Ned4 11. a3 d6 12. h3 Rb8 13. b4 a6 14. b5 Nxe2+ 15. Nxe2
axb5 16. cxb5 Nd4 17. Bd2 Ra8 18. Ra1 Nxb5 19. Qb3 Nd4 20. Nxd4 Bxd4+ 21. Kh2
Be6 22. Qc2 Bxa1 23. Rxa1 Ra7 24. f5 Bd7 25. Bh6 Re8 26. Qc3 f6 27. Rf1 b5 28.
g4 Qa5 29. Qb3+ c4 30. dxc4 Qxa3 31. Qd1 Qb2 32. Be3 Ra3 33. Bd4 Qb3 34. Qd2 g5
35. e5 Qg3+ 36. Kh1 Rd3 37. Qb2 dxe5 38. Bf2 Rb3 39. Qa2 Qd3 40. c5 Kg7 41. Re1
Ra3 42. Qb2 Qc3 43. Qe2 Rc8 44. h4 h6 45. hxg5 hxg5 46. Rd1 Ra1 47. Be1 Rxd1
48. Qxd1 Qd4 49. Qb3 Rh8+ 50. Bh3 Bc6+ 51. Kh2 Qxg4 52. Bh4 Qf4+ 53. Bg3 Qe4
54. Qd1 Qg2# 0-1

[Event "4NCL/Div2/SLOS2 vs. CAMB1"]
[Site "Wokefield Park ENG"]
[Date "2007.05.06"]
[Round "10.8"]
[White "Eckersley-Waites, Adam"]
[Black "Martin, Katie"]
[Result "1-0"]
[WhiteElo "2159"]
[BlackElo "1938"]
[PlyCount "81"]
[EventDate "2007.05.06"]

1. e4 e5 2. Nf3 Nc6 3. Bb5 a6 4. Ba4 Nf6 5. O-O Be7 6. Re1 b5 7. Bb3 d6 8. c3
O-O 9. h3 Na5 10. Bc2 c5 11. d4 Qc7 12. Nbd2 cxd4 13. cxd4 Bd7 14. Nf1 Rfc8 15.
Ne3 Bf8 16. b3 g6 17. Bb2 Nc6 18. Rc1 Bg7 19. Nd5 Nxd5 20. exd5 Nxd4 21. Nxd4
exd4 22. Bxg6 Qa5 23. Bb1 Rxc1 24. Bxc1 Rc8 25. Bd2 Qd8 26. Qh5 f5 27. Bxf5
Bxf5 28. Qxf5 Qf8 29. Qe6+ Kh8 30. Bf4 Rc2 31. Qxd6 Qxd6 32. Bxd6 Kg8 33. Bf4
d3 34. Rd1 Rc3 35. Kf1 Kf7 36. Rc1 b4 37. Ke1 Ke8 38. Kd2 Kd7 39. Rxc3 bxc3+
40. Kxd3 Bf6 41. g4 1-0

[Event "4NCL/Div3/SLOS3 vs. GUI4"]
[Site "Sunningdale ENG"]
[Date "2006.09.16"]
[Round "1.1"]
[White "Cox, Tristan"]
[Black "Punnett, Alan K"]
[Result "1-0"]
[WhiteElo "2062"]
[BlackElo "2107"]
[PlyCount "45"]
[EventDate "2006.09.16"]
[EventType "team"]
[EventRounds "11"]
[EventCountry "ENG"]
[WhiteTeam "Slough Sharks 3"]
[BlackTeam "Guildford-ADC 4"]

1. Nf3 Nf6 2. c4 g6 3. d4 Bg7 4. Nc3 d5 5. Bg5 Ne4 6. cxd5 Nxg5 7. Nxg5 e6 8.
Qd2 exd5 9. Qe3+ Kf8 10. Qf4 Bf6 11. h4 Kg7 12. e4 dxe4 13. Ngxe4 Qxd4 14.
Qxf6+ Qxf6 15. Nxf6 Kxf6 16. Nd5+ Ke5 17. Nxc7 Kd6 18. Nxa8 Re8+ 19. Be2 Na6
20. O-O-O+ Kc5 21. Bxa6 bxa6 22. Nc7 Re5 23. Rhe1 1-0

[Event "4NCL/Div3/SLOS3 vs. GUI4"]
[Site "Sunningdale ENG"]
[Date "2006.09.16"]
[Round "1.3"]
[White "Purton, Ben J"]
[Black "Hill, David F"]
[Result "1/2-1/2"]
[WhiteElo "2091"]
[BlackElo "2044"]
[PlyCount "33"]
[EventDate "2006.09.16"]
[EventType "team"]
[EventRounds "11"]
[EventCountry "ENG"]
[WhiteTeam "Slough Sharks 3"]
[BlackTeam "Guildford-ADC 4"]

1. e4 e6 2. d4 d5 3. Nd2 c5 4. dxc5 Bxc5 5. Bd3 Nc6 6. Ngf3 Nf6 7. Qe2 O-O 8.
c3 Bb6 9. O-O Bc7 10. Rd1 Qd6 11. Nf1 h6 12. g3 Re8 13. b4 e5 14. b5 Ne7 15.
Bb2 dxe4 16. Bxe4 Qb6 17. a4 1/2-1/2

[Event "4NCL/Div3/SLOS3 vs. GUI4"]
[Site "Sunningdale ENG"]
[Date "2006.09.16"]
[Round "1.4"]
[White "Lowe, William D"]
[Black "Sparkes, Daniel A"]
[Result "1/2-1/2"]
[WhiteElo "2008"]
[BlackElo "2015"]
[PlyCount "120"]
[EventDate "2006.09.16"]
[EventType "team"]
[EventRounds "11"]
[EventCountry "ENG"]
[WhiteTeam "Guildford-ADC 4"]
[BlackTeam "Slough Sharks 3"]

1. Nf3 Nf6 2. c4 g6 3. g3 Bg7 4. Bg2 c5 5. Nc3 Nc6 6. O-O O-O 7. d3 d6 8. Bd2
Rb8 9. Qc1 a6 10. a4 Bg4 11. h3 Bxf3 12. exf3 Nd4 13. Qd1 b5 14. axb5 axb5 15.
cxb5 Nxb5 16. Nxb5 Rxb5 17. Bc3 Nd5 18. Bxg7 Kxg7 19. f4 Nf6 20. Qe2 Rb4 21.
Ra7 Ng8 22. Rfa1 Qc8 23. R1a4 Rxa4 24. Rxa4 Qe6 25. Qxe6 fxe6 26. b4 cxb4 27.
Rxb4 Rc8 28. Rc4 Rxc4 29. dxc4 Nf6 30. Kf1 Nd7 31. Ke2 Kf6 32. Kd3 e5 33. fxe5+
Nxe5+ 34. Kd4 Nd7 35. f4 g5 36. fxg5+ Kxg5 37. Kd5 Kf6 38. Be4 h6 39. Bf3 Nb6+
40. Kd4 e5+ 41. Kd3 Kg5 42. Be2 d5 43. c5 Na8 44. Bg4 Kf6 45. h4 Nc7 46. Kc3
Na6 47. c6 Ke7 48. Bc8 Nc7 49. g4 Kd6 50. Bd7 Nb5+ 51. Kd3 e4+ 52. Ke3 Ke5 53.
g5 d4+ 54. Kd2 hxg5 55. hxg5 Nc7 56. g6 Kf6 57. Bf5 e3+ 58. Kd3 Nd5 59. Bg4
Nb4+ 60. Kxd4 Nxc6+ 1/2-1/2

[Event "4NCL/Div3/SLOS3 vs. GUI4"]
[Site "Sunningdale ENG"]
[Date "2006.09.16"]
[Round "1.5"]
[White "Coddington, Oliver"]
[Black "McCullough, Simon M"]
[Result "0-1"]
[WhiteElo "1971"]
[BlackElo "1920"]
[PlyCount "100"]
[EventDate "2006.09.16"]
[EventType "team"]
[EventRounds "11"]
[EventCountry "ENG"]
[WhiteTeam "Slough Sharks 3"]
[BlackTeam "Guildford-ADC 4"]

1. d4 d5 2. Nf3 Nf6 3. g3 e6 4. Bg2 c5 5. e3 Nc6 6. O-O Qc7 7. a4 b6 8. c3 Bb7
9. Qe2 a5 10. Na3 Be7 11. Nb5 Qb8 12. Ng5 h6 13. Nh3 O-O 14. g4 e5 15. c4 dxc4
16. d5 Nb4 17. d6 Bxg2 18. dxe7 Bxh3 19. exf8=Q+ Qxf8 20. Rd1 e4 21. f3 exf3
22. Qxc4 Bxg4 23. Rd6 Bh5 24. Bd2 Qc8 25. Qh4 Qf5 26. Nc3 Re8 27. Qf4 Qh3 28.
Qg3 Qf5 29. Qf4 Qc2 30. Qg3 f2+ 31. Qxf2 Nd3 32. Qg2 Re5 33. h4 Rf5 34. Be1
Qxg2+ 35. Kxg2 Bf3+ 36. Kh3 Ne5 37. Bg3 Nc4 38. Rd8+ Kh7 39. Re1 Nxb2 40. e4
Bg4+ 41. Kh2 Rf3 42. Rd2 Nc4 43. Rc2 Nh5 44. Rg1 Be6 45. Nd5 Ne3 46. Rb2 Nxg3
47. Nxe3 Nxe4 48. Re1 Rh3+ 49. Kg2 Rxh4 50. Rxb6 Nc3 0-1

[Event "4NCL/Div3/SLOS3 vs. GUI4"]
[Site "Sunningdale ENG"]
[Date "2006.09.16"]
[Round "1.6"]
[White "Chai, Wei Koong"]
[Black "Edgell, Ben P"]
[Result "1/2-1/2"]
[WhiteElo "1985"]
[BlackElo "2005"]
[PlyCount "35"]
[EventDate "2006.09.16"]
[EventType "team"]
[EventRounds "11"]
[EventCountry "ENG"]
[WhiteTeam "Guildford-ADC 4"]
[BlackTeam "Slough Sharks 3"]

1. e4 e5 2. Nf3 Nc6 3. Bb5 Nf6 4. O-O Nxe4 5. d4 Nd6 6. Bxc6 dxc6 7. dxe5 Nf5
8. Qxd8+ Kxd8 9. Rd1+ Ke8 10. c4 h6 11. Nc3 a5 12. b3 Be6 13. Bb2 Be7 14. Ne2
g5 15. Ned4 Nxd4 16. Nxd4 a4 17. Nxe6 fxe6 18. Bd4 1/2-1/2

[Event "4NCL/Div3/SLOS3 vs. GUI4"]
[Site "Sunningdale ENG"]
[Date "2006.09.16"]
[Round "1.7"]
[White "Makepeace, Philip J"]
[Black "Gibbs, Daniel"]
[Result "1-0"]
[WhiteElo "1954"]
[BlackElo "1985"]
[PlyCount "71"]
[EventDate "2006.09.16"]
[EventType "team"]
[EventRounds "11"]
[EventCountry "ENG"]
[WhiteTeam "Slough Sharks 3"]
[BlackTeam "Guildford-ADC 4"]

1. e4 g6 2. d4 Bg7 3. Nc3 d6 4. Be2 a6 5. a4 b6 6. Be3 Bb7 7. Nh3 Nf6 8. f3
Nbd7 9. O-O O-O 10. Qd2 Re8 11. g4 e5 12. d5 h5 13. g5 Nh7 14. Kh1 Bc8 15. Nf2
Nc5 16. b4 Nb7 17. a5 bxa5 18. bxa5 Rf8 19. Nd3 Qe7 20. Nb4 Nd8 21. Na4 f6 22.
gxf6 Bxf6 23. Rg1 g5 24. c4 Kh8 25. c5 g4 26. cxd6 cxd6 27. fxg4 Ng5 28. Nb6
Nh3 29. Rg3 Nf4 30. Nxa8 Bh4 31. Bxf4 Rxf4 32. Rf3 Bxg4 33. Rxf4 Bg5 34. Bxg4
Bxf4 35. Qg2 hxg4 36. Nc6 1-0

[Event "4NCL/Div3/SLOS3 vs. GUI4"]
[Site "Sunningdale ENG"]
[Date "2006.09.16"]
[Round "1.8"]
[White "Kokossis, Danae"]
[Black "Pozzo, Sebastian"]
[Result "0-1"]
[WhiteElo "1595"]
[BlackElo "1999"]
[PlyCount "66"]
[EventDate "2006.09.16"]
[EventType "team"]
[EventRounds "11"]
[EventCountry "ENG"]
[WhiteTeam "Guildford-ADC 4"]
[BlackTeam "Slough Sharks 3"]

1. e4 c5 2. Nf3 Nc6 3. d4 cxd4 4. Nxd4 Nf6 5. Nc3 e5 6. Nxc6 bxc6 7. Be3 Bb4 8.
f3 O-O 9. Qd2 d5 10. exd5 cxd5 11. a3 Bxc3 12. bxc3 Qa5 13. c4 Qxd2+ 14. Bxd2
dxc4 15. Bxc4 Bf5 16. Bb3 Rac8 17. Rc1 e4 18. O-O Bg6 19. Be3 Rc7 20. Bd4 Nd7
21. c3 Nc5 22. Bd5 Nd3 23. Rc2 exf3 24. Bxf3 Rd8 25. Rd2 f6 26. Rb1 Nc5 27.
Rbb2 Rcd7 28. Be3 Nd3 29. Rb7 Rxb7 30. Bxb7 Rb8 31. Bd5+ Kf8 32. Bxa7 Rb1+ 33.
Rd1 Rxd1# 0-1

[Event "4NCL/Div3/NWE2 vs. PAP"]
[Site "Sunningdale ENG"]
[Date "2006.09.16"]
[Round "1.1"]
[White "Hulmes, David I"]
[Black "Summerscale, Aaron"]
[Result "0-1"]
[WhiteElo "2225"]
[BlackElo "2484"]
[PlyCount "60"]
[EventDate "2006.09.16"]
[EventType "team"]
[EventRounds "11"]
[EventCountry "ENG"]
[WhiteTeam "N W Eagles 2"]
[BlackTeam "Pride+Prejudice"]

1. e4 e6 2. d4 d5 3. Nd2 Nc6 4. Ngf3 Nf6 5. e5 Nd7 6. Nb3 Be7 7. c3 f6 8. exf6
Bxf6 9. Bb5 O-O 10. O-O e5 11. Bxc6 bxc6 12. dxe5 Nxe5 13. Nxe5 Bxe5 14. Be3
Qh4 15. g3 Qh3 16. f4 Bd6 17. Qd2 Qh5 18. Nc5 Bh3 19. Rf2 Rfe8 20. Bd4 Re7 21.
Nd3 Re6 22. b4 Re4 23. Re1 a5 24. Rfe2 axb4 25. Rxe4 dxe4 26. Rxe4 Qd5 27. Re2
c5 28. Be5 b3 29. axb3 Ra1+ 30. Kf2 Rf1+ 0-1

[Event "4NCL/Div3/NWE2 vs. PAP"]
[Site "Sunningdale ENG"]
[Date "2006.09.16"]
[Round "1.2"]
[White "Sheldon, Ruth"]
[Black "Coates, Kenneth G"]
[Result "0-1"]
[WhiteElo "2264"]
[BlackElo "2218"]
[PlyCount "112"]
[EventDate "2006.09.16"]
[EventType "team"]
[EventRounds "11"]
[EventCountry "ENG"]
[WhiteTeam "Pride+Prejudice"]
[BlackTeam "N W Eagles 2"]

1. d4 d5 2. c4 c6 3. Nf3 Nf6 4. Nc3 dxc4 5. a4 Bf5 6. Ne5 Nbd7 7. Nxc4 Qc7 8.
g3 e5 9. dxe5 Nxe5 10. Bf4 Nfd7 11. Qd4 f6 12. Rd1 Bc5 13. Nd6+ Qxd6 14. Qxd6
Bxd6 15. Rxd6 O-O-O 16. Bg2 Nc5 17. Rxd8+ Rxd8 18. b4 Ne6 19. Be3 Nd4 20. O-O
Nc4 21. Bf4 h6 22. h3 Ne6 23. Bc1 Nd4 24. g4 Bg6 25. Bf4 Ne6 26. Bg3 Rd2 27. e3
Bd3 28. Ra1 Kd7 29. Ne4 Bxe4 30. Bxe4 Nd6 31. Bg2 a6 32. Rb1 Nc7 33. e4 Nc4 34.
Bf4 Rd4 35. Bg3 Nd2 36. Rd1 Ne6 37. f4 Nc4 38. Rc1 Nd2 39. Rd1 Nc4 40. Bf3
Rxd1+ 41. Bxd1 Ne3 42. Be2 Nd4 43. Bd3 Nec2 44. Kf2 Nxb4 45. Bb1 b5 46. Ke3 Ne6
47. f5 Ng5 48. Be1 c5 49. Bxb4 cxb4 50. axb5 axb5 51. h4 Nf7 52. Kd4 Kd6 53.
Bd3 Ne5 54. Be2 Nc6+ 55. Ke3 Kc5 56. Bd1 Ne5 0-1

[Event "4NCL/Div3/NWE2 vs. PAP"]
[Site "Sunningdale ENG"]
[Date "2006.09.16"]
[Round "1.3"]
[White "Mulligan, Stephen"]
[Black "Rutherford, Elaine"]
[Result "0-1"]
[WhiteElo "2199"]
[BlackElo "2093"]
[PlyCount "86"]
[EventDate "2006.09.16"]
[EventType "team"]
[EventRounds "11"]
[EventCountry "ENG"]
[WhiteTeam "N W Eagles 2"]
[BlackTeam "Pride+Prejudice"]

1. d4 d5 2. c4 c6 3. Nf3 e6 4. e3 Nf6 5. Nc3 Nbd7 6. Bd3 b6 7. O-O Bd6 8. e4
dxe4 9. Nxe4 Nxe4 10. Bxe4 Qc7 11. Re1 O-O 12. b3 f5 13. Bc2 e5 14. g3 e4 15.
Ng5 Nf6 16. Nh3 Rd8 17. Bf4 h6 18. Qd2 g5 19. Bxd6 Qxd6 20. f4 g4 21. Nf2 Qxd4
22. Qxd4 Rxd4 23. Rad1 c5 24. Re3 Bb7 25. Kf1 Rad8 26. Ke1 h5 27. Bb1 Kf7 28.
Bc2 Nd7 29. a3 Kf6 30. Rc3 Nb8 31. Re3 Nc6 32. Rc3 R4d7 33. Rxd7 Rxd7 34. Bd1
Nd4 35. Re3 Nf3+ 36. Bxf3 gxf3 37. Nd1 h4 38. Nc3 Rh7 39. Nb5 Bc6 40. Nc3 hxg3
41. hxg3 Rh1+ 42. Kf2 Rh2+ 43. Kf1 Rg2 0-1

[Event "4NCL/Div3/NWE2 vs. PAP"]
[Site "Sunningdale ENG"]
[Date "2006.09.16"]
[Round "1.4"]
[White "Forbes, Cathy"]
[Black "Lyell, Meri"]
[Result "1/2-1/2"]
[WhiteElo "2076"]
[BlackElo "2067"]
[PlyCount "59"]
[EventDate "2006.09.16"]
[EventType "team"]
[EventRounds "11"]
[EventCountry "ENG"]
[WhiteTeam "Pride+Prejudice"]
[BlackTeam "N W Eagles 2"]

1. d4 d5 2. Bf4 Nf6 3. e3 c6 4. c4 Bf5 5. Nc3 e6 6. Qb3 Qc8 7. h3 Nbd7 8. cxd5
Nxd5 9. Nxd5 exd5 10. Nf3 a5 11. Bd3 Bb4+ 12. Ke2 Bxd3+ 13. Qxd3 Nf6 14. a3 Be7
15. Bg5 Qc7 16. Rhc1 Ne4 17. Bxe7 Qxe7 18. Nd2 O-O 19. Nxe4 dxe4 20. Qb3 Kh8
21. Rc5 Qc7 22. g3 b6 23. Re5 Rfe8 24. Rxe8+ Rxe8 25. Rc1 Qc8 26. Qxf7 h6 27.
g4 Re6 28. Qa7 Qf8 29. Qxb6 Qf3+ 30. Ke1 1/2-1/2

[Event "4NCL/Div3/NWE2 vs. PAP"]
[Site "Sunningdale ENG"]
[Date "2006.09.16"]
[Round "1.5"]
[White "Savory, Richard"]
[Black "Kieran, Rosalind A"]
[Result "1-0"]
[WhiteElo "2106"]
[BlackElo "2076"]
[PlyCount "43"]
[EventDate "2006.09.16"]
[EventType "team"]
[EventRounds "11"]
[EventCountry "ENG"]
[WhiteTeam "N W Eagles 2"]
[BlackTeam "Pride+Prejudice"]

1. e4 c5 2. Nf3 d6 3. d4 cxd4 4. Nxd4 Nf6 5. Nc3 g6 6. Be3 Bg7 7. f3 O-O 8. Qd2
Nc6 9. O-O-O Nxd4 10. Bxd4 Be6 11. h4 Qa5 12. Kb1 Rfc8 13. a3 Rab8 14. h5 Nxh5
15. Bxg7 Kxg7 16. g4 Nf6 17. Qh6+ Kg8 18. Nd5 Bxd5 19. exd5 Rc5 20. g5 Re8 21.
gxf6 exf6 22. b4 1-0

[Event "4NCL/Div3/NWE2 vs. PAP"]
[Site "Sunningdale ENG"]
[Date "2006.09.16"]
[Round "1.6"]
[White "Yurenok, Maria S"]
[Black "Duckers, Harvey L"]
[Result "1/2-1/2"]
[WhiteElo "2064"]
[BlackElo "2115"]
[PlyCount "47"]
[EventDate "2006.09.16"]
[EventType "team"]
[EventRounds "11"]
[EventCountry "ENG"]
[WhiteTeam "Pride+Prejudice"]
[BlackTeam "N W Eagles 2"]

1. d4 d6 2. Nf3 g6 3. e4 Bg7 4. c3 Nd7 5. Bg5 h6 6. Be3 e6 7. Nbd2 Ne7 8. Bd3
b6 9. Nf1 Bb7 10. Ng3 a6 11. h4 c5 12. Qd2 Qc7 13. Nh2 d5 14. Bf4 Qc6 15. e5 h5
16. Bg5 Nf5 17. Bxf5 exf5 18. O-O Nf8 19. Nf3 Ne6 20. Ne2 a5 21. Nf4 Nc7 22.
Rfe1 c4 23. e6 Nxe6 24. Rxe6+ 1/2-1/2

[Event "4NCL/Div3/NWE2 vs. PAP"]
[Site "Sunningdale ENG"]
[Date "2006.09.16"]
[Round "1.7"]
[White "Morrison, Lynne"]
[Black "Lang, Heather"]
[Result "1/2-1/2"]
[WhiteElo "1969"]
[BlackElo "2050"]
[PlyCount "42"]
[EventDate "2006.09.16"]
[EventType "team"]
[EventRounds "11"]
[EventCountry "ENG"]
[WhiteTeam "N W Eagles 2"]
[BlackTeam "Pride+Prejudice"]

1. d4 f5 2. Nf3 Nf6 3. c4 g6 4. g3 Bg7 5. Bg2 O-O 6. Nc3 d6 7. O-O Qe8 8. Nd5
Nxd5 9. cxd5 Qb5 10. Ng5 Qc4 11. e3 e6 12. b3 Qb5 13. Nxe6 Bxe6 14. dxe6 Nc6
15. a4 Qb6 16. Ba3 Rfe8 17. Rc1 Ne7 18. Qc2 c6 19. b4 a6 20. Rb1 Bf6 21. Rfd1
d5 1/2-1/2

[Event "4NCL/Div3/NWE2 vs. PAP"]
[Site "Sunningdale ENG"]
[Date "2006.09.16"]
[Round "1.8"]
[White "Summerscale, Claire E"]
[Black "Coates, Christine"]
[Result "1-0"]
[WhiteElo "2027"]
[BlackElo "1525"]
[PlyCount "75"]
[EventDate "2006.09.16"]
[EventType "team"]
[EventRounds "11"]
[EventCountry "ENG"]
[WhiteTeam "Pride+Prejudice"]
[BlackTeam "N W Eagles 2"]

1. d4 d5 2. Nc3 Nf6 3. Bg5 e6 4. e4 Be7 5. e5 Ne4 6. Bxe7 Qxe7 7. Nxe4 dxe4 8.
c3 O-O 9. Qg4 f5 10. exf6 Rxf6 11. Qxe4 Nc6 12. Bc4 Kh8 13. Nf3 Rh6 14. O-O-O
Bd7 15. Rde1 Re8 16. h4 Qf6 17. g4 Rf8 18. g5 Qf4+ 19. Qxf4 Rxf4 20. gxh6 Rxf3
21. Bxe6 Bxe6 22. Rxe6 gxh6 23. d5 Na5 24. Rg1 Rf8 25. Re7 Nc4 26. Rxc7 Nd6 27.
Rd7 Ne4 28. Rxb7 Nxf2 29. d6 Nd3+ 30. Kc2 Ne5 31. d7 Rd8 32. b4 Nxd7 33. Rd1
Kg7 34. Rdxd7+ Rxd7 35. Rxd7+ Kg6 36. Rd5 h5 37. c4 h6 38. c5 1-0

[Event "4NCL/Div3/WES2 vs. CHEDP"]
[Site "Sunningdale ENG"]
[Date "2006.09.16"]
[Round "1.1"]
[White "Clark, Ian C"]
[Black "Wallace, Paul A"]
[Result "0-1"]
[WhiteElo "2130"]
[BlackElo "2242"]
[PlyCount "114"]
[EventDate "2006.09.16"]
[EventType "team"]
[EventRounds "11"]
[EventCountry "ENG"]
[WhiteTeam "Wessex 2"]
[BlackTeam "Cheddleton"]

1. e4 e5 2. f4 exf4 3. Nf3 d5 4. exd5 Nf6 5. Nc3 Bd6 6. Be2 O-O 7. O-O c6 8.
dxc6 bxc6 9. Kh1 Nbd7 10. Nd4 Ne5 11. Bf3 Bd7 12. d3 g5 13. Be2 h6 14. Ne4 Bc7
15. Bd2 Bb6 16. Nxf6+ Qxf6 17. Bc3 Qd6 18. Nb3 Ng6 19. Nd2 f5 20. Nc4 Qe6 21.
Bh5 Be3 22. Re1 Nh4 23. Bd2 Qd5 24. Bf3 Nxf3 25. Qxf3 Bxd2 26. Qxd5+ cxd5 27.
Nxd2 Rae8 28. Nf3 Re3 29. d4 Rb8 30. Ne5 Bb5 31. Kg1 Ba6 32. Rxe3 fxe3 33. Rb1
Kg7 34. g3 f4 35. gxf4 gxf4 36. Kg2 Be2 37. Re1 Bh5 38. Nd3 f3+ 39. Kf1 Re8 40.
Ne5 Rxe5 41. dxe5 d4 42. a4 Bg6 43. Rc1 Kf7 44. b4 Ke6 45. b5 Kxe5 46. a5 d3
47. cxd3 Bxd3+ 48. Kg1 Kf4 49. b6 axb6 50. axb6 f2+ 51. Kg2 Be4+ 52. Kf1 Kf3
53. Rc3 Bf5 54. Rxe3+ Kxe3 55. Kg2 Be4+ 56. Kf1 Kf3 57. b7 Bd3# 0-1

[Event "4NCL/Div3/WES2 vs. CHEDP"]
[Site "Sunningdale ENG"]
[Date "2006.09.16"]
[Round "1.2"]
[White "Harman, Kenneth B"]
[Black "Tunks, Dominic"]
[Result "1-0"]
[WhiteElo "2231"]
[BlackElo "2115"]
[PlyCount "71"]
[EventDate "2006.09.16"]
[EventType "team"]
[EventRounds "11"]
[EventCountry "ENG"]
[WhiteTeam "Cheddleton"]
[BlackTeam "Wessex 2"]

1. e4 c5 2. Nf3 d6 3. d4 Nf6 4. Nc3 cxd4 5. Nxd4 Nc6 6. Bc4 Qb6 7. Nb3 e6 8.
Be3 Qc7 9. O-O a6 10. a4 Bd7 11. f4 Rc8 12. a5 Nd4 13. Bd3 Nxb3 14. cxb3 Bc6
15. Bb6 Qb8 16. f5 e5 17. Qf3 Be7 18. g4 h6 19. Be3 Bd8 20. h4 Kf8 21. g5 hxg5
22. hxg5 Nd7 23. Kg2 d5 24. Rh1 Rxh1 25. Rxh1 d4 26. Rh8+ Ke7 27. f6+ Nxf6 28.
gxf6+ gxf6 29. Bg5 Qd6 30. Bh6 Kd7 31. Nd5 Bxa5 32. Qf5+ Qe6 33. Qxe6+ fxe6 34.
Nxf6+ Kc7 35. Rxc8+ Kxc8 36. Ng4 1-0

[Event "4NCL/Div3/WES2 vs. CHEDP"]
[Site "Sunningdale ENG"]
[Date "2006.09.16"]
[Round "1.3"]
[White "Rutter, Nicholas"]
[Black "Sharp, John R"]
[Result "1/2-1/2"]
[WhiteElo "2167"]
[BlackElo "2175"]
[PlyCount "144"]
[EventDate "2006.09.16"]
[EventType "team"]
[EventRounds "11"]
[EventCountry "ENG"]
[WhiteTeam "Wessex 2"]
[BlackTeam "Cheddleton"]

1. e4 e6 2. d4 d5 3. e5 c5 4. c3 Nc6 5. Nf3 Qb6 6. a3 c4 7. h4 Bd7 8. Nbd2 Na5
9. g3 Nb3 10. Nxb3 Ba4 11. Nfd2 Rc8 12. Qe2 Bxb3 13. Bh3 Qb5 14. Bg4 Bc2 15.
Nxc4 Qxc4 16. Qxc2 Qxd4 17. cxd4 Rxc2 18. Be2 Ne7 19. Bd3 Rc7 20. Bd2 Nc6 21.
Rc1 Kd8 22. Be3 Be7 23. Ke2 f5 24. Rc2 Kd7 25. f4 a6 26. Rhc1 h5 27. Bf2 Rb8
28. Ke3 Rcc8 29. Be1 b5 30. Be2 g6 31. a4 Bd8 32. axb5 axb5 33. b4 Bb6 34. Bc3
Ba7 35. Ra1 Rb7 36. Bd3 Kd8 37. Ra6 Bb6 38. Bb2 Na7 39. Rxc8+ Kxc8 40. Ra1 Kb8
41. Rc1 Re7 42. Be2 Kb7 43. Bd3 Re8 44. Be2 Ra8 45. Kd2 Bd8 46. Ra1 Be7 47. Bc3
Rc8 48. Ra2 Kb6 49. Ra1 Nc6 50. Rb1 Ra8 51. Bd3 Ra2+ 52. Bc2 Bd8 53. Rb3 Kb7
54. Kd3 Bb6 55. Rb1 Nxd4 56. Bxd4 Bxd4 57. Bb3 Rb2 58. Rxb2 Bxb2 59. Bd1 Ba3
60. Kc3 Kc6 61. Bf3 Kc7 62. Be2 Kb6 63. Bd1 Kb7 64. Be2 Kb6 65. Bd1 d4+ 66.
Kxd4 Bxb4 67. Bb3 Bc5+ 68. Kd3 Bf2 69. Bxe6 Bxg3 70. Bf7 Kc5 71. Bxg6 Bxh4 72.
Bxh5 Bg3 1/2-1/2